MARC

LEADER 00000nam0a2200000 4500
001 128838
005 20231031133117.0
035 |a (RuTPU)RU\TPU\book\139430 
090 |a 128838 
100 |a 20080115d1967 k y0rusy50 ca 
101 0 |a rus 
102 |a RU 
105 |a a z 001zy 
200 1 |a Электроснабжение металлургических заводов  |f А. А. Тайц 
210 |a Москва  |c Металлургия  |d 1967 
215 |a 288 с.  |c ил. 
320 |a Библиогр.: с. 285. 
610 1 |a металлургические заводы 
610 1 |a электроснабжение 
610 1 |a трансформаторы 
610 1 |a электроэнергия 
610 1 |a преобразовательные подстанции 
610 1 |a релейная защита 
610 1 |a синхронные электрические двигатели 
610 1 |a электрические сети 
610 1 |a регулирование напряжения 
610 1 |a режимы работы 
675 |a 621.7м  |v 3 
700 1 |a Тайц  |b А. А.  |g Александр Аркадьевич 
801 1 |a RU  |b 63413507  |c 20080115  |g PSBO 
801 2 |a RU  |b 63413507  |c 20220629  |g PSBO 
942 |c BK